[Event "7eme open international de La Fere"]
[Site "La Fere (FRA)"]
[Date "2008.07.05"]
[Round "1.1"]
[White "Houriez, Clement"]
[Black "Gharamian, Tigran"]
[Result "0-1"]
[WhiteElo "2276"]
[BlackElo "2560"]
[PlyCount "94"]
[EventDate "2008.??.??"]

1. e4 c5 2. Nf3 d6 3. d4 cxd4 4. Nxd4 Nf6 5. Nc3 a6 6. Be2 e5 7. Nb3 Be7 8. Bg5
Be6 9. Bxf6 Bxf6 10. Qd3 Nc6 11. O-O-O Be7 12. Kb1 a5 13. Qg3 O-O 14. Nc5 Bc8
15. Nd3 Nd4 16. f4 Bh4 17. Qe3 Bf6 18. fxe5 dxe5 19. Nd5 Be6 20. Nxf6+ Qxf6 21.
Rhf1 Qe7 22. Nxe5 Nxe2 23. Qxe2 Bxa2+ 24. Kxa2 Qxe5 25. Rf5 Qe6+ 26. Kb1 a4 27.
Qd3 g6 28. Rb5 Qe7 29. e5 a3 30. b3 a2+ 31. Ka1 Qg5 32. Qd2 Qf5 33. Qd3 Qf2 34.
Qd2 Qf4 35. Qd3 Qg5 36. Qd2 Qe7 37. Qb4 Rfd8 38. Qe1 Qc7 39. Rxd8+ Qxd8 40. Rb4
Qd5 41. Re4 Ra6 42. Qe2 h5 43. Qe1 Kg7 44. Qe2 Qc5 45. Qd2 Rc6 46. Re2 Qg1+ 47.
Re1 Rxc2 0-1

[Event "7eme open international de La Fere"]
[Site "La Fere (FRA)"]
[Date "2008.07.05"]
[Round "1.2"]
[White "Abbasov, Farid"]
[Black "Lauridsen, Jesper Morch"]
[Result "1-0"]
[WhiteElo "2552"]
[BlackElo "2262"]
[PlyCount "67"]
[EventDate "2008.??.??"]

1. d4 d5 2. c4 e6 3. Nc3 c5 4. e3 Nf6 5. Nf3 cxd4 6. exd4 Bb4 7. Bd2 O-O 8. Bd3
dxc4 9. Bxc4 b6 10. O-O Bb7 11. a3 Be7 12. Re1 Nbd7 13. Rc1 Rc8 14. Ba2 Re8 15.
Bg5 h6 16. Bh4 Bc6 17. Qe2 Nf8 18. Ne5 Qxd4 19. Bg3 Ba4 20. Qa6 Bd7 21. Red1
Rxc3 22. bxc3 Qa4 23. Qe2 Qxa3 24. Nxd7 N8xd7 25. Bc4 Rc8 26. Bb5 Nc5 27. Ra1
Qxc3 28. Be5 Qb4 29. Rd4 Qb3 30. Bc4 Qb4 31. Bxe6 Nxe6 32. Rxb4 Bxb4 33. Bxf6
gxf6 34. Qg4+ 1-0

[Event "7eme open international de La Fere"]
[Site "La Fere (FRA)"]
[Date "2008.07.05"]
[Round "1.3"]
[White "Le Goff, Damien"]
[Black "Sumets, Andrey"]
[Result "0-1"]
[WhiteElo "2261"]
[BlackElo "2534"]
[PlyCount "69"]
[EventDate "2008.??.??"]

1. e4 e6 2. d4 d5 3. Nc3 Nf6 4. e5 Nfd7 5. f4 c5 6. Nf3 Nc6 7. Be3 cxd4 8. Nxd4
Bc5 9. Qd2 O-O 10. O-O-O a6 11. Nb3 Bb4 12. a3 Be7 13. Na4 b5 14. Nac5 Nb6 15.
Na5 Qc7 16. Nxc6 Qxc6 17. Qd4 Rb8 18. Rd3 Nc4 19. Bf2 f6 20. Rf3 Bd7 21. h4 Be8
22. h5 h6 23. Rhh3 Rc8 24. b4 a5 25. Bxc4 bxc4 26. g4 axb4 27. axb4 Ra8 28. Qb2
f5 29. g5 hxg5 30. fxg5 Bxg5+ 31. Kd1 d4 32. Bxd4 Bxh5 33. Ke2 Bxf3+ 34. Rxf3
Rfd8 35. c3 0-1

[Event "7eme open international de La Fere"]
[Site "La Fere (FRA)"]
[Date "2008.07.05"]
[Round "1.4"]
[White "Degraeve, Jean-Marc"]
[Black "Soyez, Cyril"]
[Result "1-0"]
[WhiteElo "2523"]
[BlackElo "2254"]
[PlyCount "41"]
[EventDate "2008.??.??"]

1. e4 e5 2. Bc4 Nc6 3. Nf3 Bc5 4. c3 Nf6 5. d3 O-O 6. Nbd2 d5 7. exd5 Nxd5 8.
O-O Bb6 9. Re1 Nf4 10. Ne4 Be6 11. Bxf4 Bxc4 12. dxc4 Qxd1 13. Raxd1 exf4 14.
c5 f5 15. Neg5 Bxc5 16. Ne6 Bd6 17. Nxf8 Rxf8 18. b4 g6 19. Re2 a5 20. b5 Nb8
21. b6 1-0

[Event "7eme open international de La Fere"]
[Site "La Fere (FRA)"]
[Date "2008.07.05"]
[Round "1.5"]
[White "Vorobyov, Yrij"]
[Black "Ninov, Nikolai"]
[Result "1/2-1/2"]
[WhiteElo "2247"]
[BlackElo "2515"]
[PlyCount "81"]
[EventDate "2008.??.??"]

1. d4 Nf6 2. Nf3 e6 3. e3 c5 4. Bd3 b6 5. Qe2 cxd4 6. exd4 Qc7 7. O-O Bb7 8. c3
Be7 9. Bg5 Nd5 10. Bxe7 Nf4 11. Qe3 Kxe7 12. Be4 Bxe4 13. Qxe4 Nc6 14. Ne5 g5
15. Nd2 Nxe5 16. dxe5 Qc6 17. Rfe1 Qxe4 18. Rxe4 Nd3 19. Rb1 Rac8 20. Re3 Nf4
21. c4 Rhd8 22. b3 d5 23. exd6+ Rxd6 24. Ne4 Rd4 25. g3 Nh3+ 26. Kf1 f5 27. Nc3
Rd2 28. Re2 Rd3 29. Re3 Rxe3 30. fxe3 g4 31. Rd1 h5 32. Ke2 h4 33. e4 f4 34.
gxf4 Nxf4+ 35. Ke3 Rf8 36. Rg1 Ng6 37. Rxg4 Ne5 38. Rxh4 Rf3+ 39. Kd2 Rf2+ 40.
Kd1 a6 41. Rh8 1/2-1/2

[Event "7eme open international de La Fere"]
[Site "La Fere (FRA)"]
[Date "2008.07.05"]
[Round "1.19"]
[White "Haast, Anne"]
[Black "Piankov, Evgenij"]
[Result "0-1"]
[WhiteElo "2041"]
[BlackElo "2337"]
[PlyCount "95"]
[EventDate "2008.??.??"]

1. e4 g6 2. d4 Bg7 3. Nc3 c6 4. Be3 d5 5. Qd2 dxe4 6. Nxe4 Nd7 7. c4 Ngf6 8.
Nc3 Ng4 9. O-O-O Nxe3 10. fxe3 Nf6 11. h3 Bf5 12. g4 Ne4 13. Nxe4 Bxe4 14. Bg2
Bxg2 15. Qxg2 Qa5 16. Kb1 O-O 17. Ne2 Qb4 18. h4 Qxc4 19. h5 Qd5 20. Qh3 h6 21.
Ka1 Rad8 22. Nf4 Qe4 23. g5 Qf5 24. hxg6 Qxh3 25. gxf7+ Rxf7 26. Nxh3 Rd6 27.
Rhg1 Rf3 28. Nf4 Rxe3 29. d5 hxg5 30. Rxg5 Kf7 31. Rdg1 Bf6 32. Rh5 Rf3 33.
Rh7+ Ke8 34. Ne6 cxd5 35. Nc5 Kf8 36. Rc1 Kg8 37. Rh2 b6 38. Nb3 Kf7 39. Kb1 d4
40. Nd2 Rf4 41. Rh7+ Kg6 42. Rh3 d3 43. Rg3+ Kf7 44. Rg2 Re6 45. Rg3 Rd4 46.
Nf3 Rd5 47. Rd1 Re2 48. Rxd3 0-1

[Event "7eme open international de La Fere"]
[Site "La Fere (FRA)"]
[Date "2008.07.05"]
[Round "1.6"]
[White "Gozzoli, Yannick"]
[Black "Forthofer, Robert"]
[Result "1-0"]
[WhiteElo "2502"]
[BlackElo "2243"]
[PlyCount "95"]
[EventDate "2008.??.??"]

1. d4 e6 2. c4 f5 3. Nf3 Nf6 4. g3 d6 5. Bg2 Be7 6. O-O O-O 7. Nc3 Ne4 8. Bd2
Bf6 9. Rc1 Qe8 10. e3 Nxc3 11. Bxc3 Kh8 12. Re1 e5 13. e4 Nc6 14. exf5 Bxf5 15.
dxe5 dxe5 16. Nxe5 Nxe5 17. Bxe5 Bxe5 18. Qd5 Rd8 19. Rxe5 Qh5 20. Qc5 b6 21.
Qxc7 Qd1+ 22. Re1 Qd2 23. Qe5 Bg4 24. f4 h5 25. Qc3 Qxc3 26. Rxc3 Rd2 27. Rce3
Rxb2 28. Re8 Rxe8 29. Rxe8+ Kh7 30. Be4+ g6 31. Re7+ Kh6 32. Rxa7 Re2 33. Bd3
Rd2 34. Bf1 Rd1 35. Kf2 Rd2+ 36. Ke3 Rxh2 37. Ra6 Rh1 38. Bd3 Rg1 39. Kf2 Rd1
40. Be4 Rd2+ 41. Ke3 Re2+ 42. Kd3 Rb2 43. a4 Rb3+ 44. Kd4 Rxg3 45. a5 Ra3 46.
Rxb6 h4 47. Rxg6+ Kh5 48. Rg5+ 1-0

[Event "7eme open international de La Fere"]
[Site "La Fere (FRA)"]
[Date "2008.07.05"]
[Round "1.7"]
[White "Cappon, John"]
[Black "Meijers, Viesturs"]
[Result "0-1"]
[WhiteElo "2221"]
[BlackElo "2496"]
[PlyCount "108"]
[EventDate "2008.??.??"]

1. e4 c5 2. Nf3 e6 3. c3 d5 4. exd5 Qxd5 5. d4 Nf6 6. Be2 Nc6 7. Na3 cxd4 8.
Nb5 Bd6 9. Bc4 Qe4+ 10. Qe2 Bb8 11. Qxe4 Nxe4 12. Nbxd4 Nxd4 13. Nxd4 e5 14.
Ne2 a6 15. Be3 Ba7 16. Bxa7 Rxa7 17. f3 Nd6 18. Bb3 Ke7 19. Kf2 a5 20. Rhe1 a4
21. Bd5 Rd8 22. Rad1 f6 23. c4 Bf5 24. Nc3 Kf8 25. c5 Ne8 26. Be4 Rxd1 27. Rxd1
Bxe4 28. Nxe4 Ke7 29. Rd3 Ra5 30. Ra3 Rb5 31. b3 axb3 32. Rxb3 Nc7 33. Rxb5
Nxb5 34. a4 Nd4 35. Nd6 Kd7 36. Nxb7 Kc6 37. Nd6 Kxc5 38. Ne4+ Kb4 39. Ng3 Kxa4
40. Nh5 Ne6 41. g3 Kb4 42. f4 exf4 43. gxf4 f5 44. Ke3 Kc4 45. Ng3 g6 46. Nf1
Nc7 47. Kf3 Nd5 48. Ng3 Kd3 49. Ne2 Nc3 50. Ng1 Ne4 51. h4 Nd2+ 52. Kf2 Ke4 53.
Ne2 h5 54. Kg3 Ke3 0-1

[Event "7eme open international de La Fere"]
[Site "La Fere (FRA)"]
[Date "2008.07.05"]
[Round "1.8"]
[White "Marzolo, Cyril"]
[Black "Mulder, Bart-Piet"]
[Result "1-0"]
[WhiteElo "2487"]
[BlackElo "2219"]
[PlyCount "77"]
[EventDate "2008.??.??"]

1. d4 d5 2. c4 dxc4 3. Nf3 Nf6 4. e3 Bg4 5. Bxc4 e6 6. h3 Bh5 7. Nc3 a6 8. g4
Bg6 9. Ne5 Nbd7 10. Nxg6 hxg6 11. Qf3 Rb8 12. Bd2 c5 13. Bb3 cxd4 14. exd4 Nb6
15. O-O-O Be7 16. Kb1 Qd7 17. h4 Qc6 18. Qe2 Nbd5 19. Nxd5 Nxd5 20. g5 Qd6 21.
Qf3 Rc8 22. Rde1 Rd8 23. Rc1 Rb8 24. a3 Rh5 25. Qe4 Kf8 26. Bd1 Rh8 27. h5 gxh5
28. Bxh5 b5 29. Qf3 f5 30. Bg6 Rg8 31. Bh7 b4 32. Bxg8 Nc3+ 33. Bxc3 bxc3 34.
Qxc3 Kxg8 35. g6 Bf6 36. Rhd1 Qd5 37. Rd3 Bg5 38. Rc2 Be7 39. Qc6 1-0

[Event "7eme open international de La Fere"]
[Site "La Fere (FRA)"]
[Date "2008.07.05"]
[Round "1.9"]
[White "Demanghon, Jonathan"]
[Black "Riff, Jean-Noel"]
[Result "0-1"]
[WhiteElo "2213"]
[BlackElo "2481"]
[PlyCount "56"]
[EventDate "2008.??.??"]

1. d4 Nf6 2. c4 e6 3. Nf3 Nc6 4. Nc3 Bb4 5. Qc2 d6 6. Bg5 h6 7. Bd2 O-O 8. a3
Bxc3 9. Bxc3 Qe7 10. e4 e5 11. d5 Nb8 12. g3 a5 13. b3 c6 14. Bg2 b5 15. c5
Nbd7 16. cxd6 Qxd6 17. O-O Bb7 18. Qb2 Rfe8 19. dxc6 Bxc6 20. Rfd1 Qe6 21. Rac1
Bxe4 22. Re1 Nc5 23. Nxe5 Bxg2 24. Kxg2 Qxb3 25. Qxb3 Nxb3 26. Rcd1 Rac8 27.
Re3 a4 28. Rde1 Nd5 0-1

[Event "7eme open international de La Fere"]
[Site "La Fere (FRA)"]
[Date "2008.07.05"]
[Round "1.10"]
[White "Gaponenko, Inna"]
[Black "Videnova, Iva"]
[Result "1-0"]
[WhiteElo "2468"]
[BlackElo "2211"]
[PlyCount "43"]
[EventDate "2008.??.??"]

1. e4 c5 2. Nf3 Nc6 3. c3 Nf6 4. e5 Nd5 5. d4 cxd4 6. cxd4 d6 7. Bc4 e6 8. O-O
Be7 9. Qe2 O-O 10. Qe4 Ndb4 11. exd6 Bxd6 12. Nc3 Na5 13. Ng5 g6 14. Qh4 h5 15.
Be2 Be7 16. Bxh5 gxh5 17. Qxh5 Bxg5 18. Bxg5 f6 19. Bh6 Qe7 20. Qg6+ Kh8 21.
Bxf8 Qxf8 22. Qh5+ 1-0

[Event "7eme open international de La Fere"]
[Site "La Fere (FRA)"]
[Date "2008.07.05"]
[Round "1.11"]
[White "Defrance, Laurent"]
[Black "Sanduleac, Vasile"]
[Result "1/2-1/2"]
[WhiteElo "2167"]
[BlackElo "2466"]
[PlyCount "57"]
[EventDate "2008.??.??"]

1. d4 d6 2. Nf3 Bg4 3. c4 Bxf3 4. exf3 c6 5. Nc3 Nf6 6. Bd3 e6 7. O-O d5 8.
cxd5 Nxd5 9. Re1 Be7 10. f4 g6 11. Ne4 Nd7 12. Be3 N7f6 13. Ng5 Qb6 14. Qe2 Rd8
15. Nf3 O-O 16. Ne5 a6 17. Rac1 Rc8 18. g4 Rfe8 19. h4 Nxe3 20. fxe3 c5 21. h5
cxd4 22. hxg6 hxg6 23. Bxg6 fxg6 24. Qd3 Bf8 25. Qxg6+ Bg7 26. Qf7+ Kh7 27.
Qg6+ Kg8 28. Qf7+ Kh7 29. Qg6+ 1/2-1/2

[Event "7eme open international de La Fere"]
[Site "La Fere (FRA)"]
[Date "2008.07.05"]
[Round "1.12"]
[White "Wirig, Anthony"]
[Black "Delorme, Laurie"]
[Result "1-0"]
[WhiteElo "2456"]
[BlackElo "2155"]
[PlyCount "43"]
[EventDate "2008.??.??"]

1. c4 Nf6 2. Nc3 e6 3. e4 Bb4 4. e5 Ng8 5. Qg4 Kf8 6. Nf3 Nc6 7. d4 Nce7 8. Bd3
d6 9. Qe4 d5 10. Qf4 dxc4 11. Bxc4 Bd7 12. Ng5 Nh6 13. O-O Nhf5 14. Be3 Ng6 15.
Qg4 h5 16. Qh3 Nxe3 17. Qxe3 Be7 18. f4 Nh4 19. Nxf7 Kxf7 20. f5 Kg8 21. f6 g6
22. Qg5 1-0

[Event "7eme open international de La Fere"]
[Site "La Fere (FRA)"]
[Date "2008.07.05"]
[Round "1.13"]
[White "Nijs, Nils"]
[Black "Drenchev, Petar"]
[Result "1-0"]
[WhiteElo "2150"]
[BlackElo "2450"]
[PlyCount "123"]
[EventDate "2008.??.??"]

1. d4 d6 2. c4 e5 3. Nc3 Nf6 4. dxe5 dxe5 5. Qxd8+ Kxd8 6. Bg5 Be6 7. O-O-O+
Nbd7 8. Nf3 Bd6 9. e4 Kc8 10. Ne1 Bb4 11. f3 Bxc3 12. bxc3 Nb6 13. Nd3 Bxc4 14.
Nxe5 Bxa2 15. c4 Re8 16. Kb2 Rxe5 17. Bxf6 gxf6 18. Kxa2 Na4 19. Ka3 Nc5 20. g3
b6 21. Bh3+ Kb7 22. Bf5 h6 23. h4 a6 24. g4 b5 25. h5 Re7 26. Rd5 Kb6 27. Rhd1
Rae8 28. Rd8 Nb7 29. Rxe8 Rxe8 30. Rd7 Rf8 31. f4 Nd6 32. c5+ Kxc5 33. Rxc7+
Kb6 34. Rd7 Kc6 35. Ra7 a5 36. Ra6+ Kc5 37. e5 fxe5 38. fxe5 Nc4+ 39. Ka2 Rh8
40. Ra7 a4 41. Rxf7 Nxe5 42. Re7 Nc4 43. Bg6 Rd8 44. g5 Rd2+ 45. Kb1 hxg5 46.
h6 Rh2 47. h7 g4 48. Re8 g3 49. h8=Q Rxh8 50. Rxh8 g2 51. Rh5+ Kd4 52. Rg5 Nd2+
53. Ka2 b4 54. Rxg2 Nc4 55. Rg4+ Kc3 56. Rg3+ Kd2 57. Bf7 b3+ 58. Kb1 Ne3 59.
Kb2 Nd1+ 60. Ka3 Nc3 61. Be8 Ne4 62. Rg2+ 1-0

[Event "7eme open international de La Fere"]
[Site "La Fere (FRA)"]
[Date "2008.07.05"]
[Round "1.15"]
[White "Thomas, Olivier"]
[Black "Konguvel, Ponnuswamy"]
[Result "0-1"]
[WhiteElo "2105"]
[BlackElo "2415"]
[PlyCount "88"]
[EventDate "2008.??.??"]

1. e4 c5 2. Nc3 d6 3. f4 g6 4. Nf3 Bg7 5. Bc4 Nc6 6. O-O e6 7. f5 exf5 8. d3
Nge7 9. Qe1 h6 10. Qg3 Ne5 11. Nxe5 dxe5 12. exf5 Nxf5 13. Bb5+ Kf8 14. Qf3 Kg8
15. Bc4 Kh7 16. Bxf7 Rf8 17. Bb3 e4 18. Qe2 exd3 19. cxd3 Nd4 20. Qd1 Nxb3 21.
axb3 Qd4+ 22. Kh1 Bg4 23. Rxf8 Rxf8 24. Qe1 Qxd3 25. Bd2 a6 26. Qe3 Rd8 27.
Qxd3 Rxd3 28. Be1 Be6 29. Na4 Bd4 30. Rc1 Rxb3 31. Nxc5 Bxc5 32. Rxc5 Rxb2 33.
Rc7+ Kg8 34. Kg1 Bd5 35. Rd7 Rxg2+ 36. Kf1 Bc6 37. Rd6 Rxh2 38. Rxg6+ Kf7 39.
Rd6 h5 40. Rd2 Rxd2 41. Bxd2 h4 42. Ke2 Ke6 43. Be1 h3 44. Bg3 a5 0-1

[Event "7eme open international de La Fere"]
[Site "La Fere (FRA)"]
[Date "2008.07.05"]
[Round "1.16"]
[White "Pytel, Krzysztof"]
[Black "Lamerant, Olivier"]
[Result "1/2-1/2"]
[WhiteElo "2391"]
[BlackElo "2090"]
[PlyCount "100"]
[EventDate "2008.??.??"]

1. d4 e6 2. Nf3 d5 3. e3 Nf6 4. Bd3 Be7 5. b3 O-O 6. Bb2 c5 7. Nbd2 Nc6 8. O-O
b6 9. Ne5 Bb7 10. f4 g6 11. a3 Nxe5 12. fxe5 Ne4 13. Bxe4 dxe4 14. Qg4 Bg5 15.
Rae1 h5 16. Qe2 a5 17. a4 Qc7 18. c4 Rad8 19. Nb1 Rd7 20. Na3 Bc6 21. Nc2 Rfd8
22. Rd1 Bb7 23. Rd2 cxd4 24. Rxd4 Bh6 25. Rfd1 Bg7 26. Rxd7 Rxd7 27. Rxd7 Qxd7
28. Bd4 Qc7 29. Qd2 Bxe5 30. Bxe5 Qxe5 31. Qd8+ Kg7 32. Qxb6 Qc3 33. Qd4+ Qxd4
34. Nxd4 Kf8 35. Kf2 Ke7 36. Ke1 Kd6 37. Kd2 Kc5 38. Kc3 e5 39. Ne2 h4 40. g3
hxg3 41. hxg3 f5 42. Ng1 g5 43. Nh3 f4 44. exf4 exf4 45. gxf4 g4 46. Ng1 g3 47.
f5 Bc8 48. f6 Be6 49. Ne2 g2 50. Ng1 Bf7 1/2-1/2

[Event "7eme open international de La Fere"]
[Site "La Fere (FRA)"]
[Date "2008.07.05"]
[Round "1.20"]
[White "Afek, Yochanan"]
[Black "Lecouteux, Guilhem"]
[Result "1-0"]
[WhiteElo "2321"]
[BlackElo "2027"]
[PlyCount "91"]
[EventDate "2008.??.??"]

1. e4 c5 2. Nf3 Nc6 3. c3 d5 4. exd5 Qxd5 5. d4 Bg4 6. Be2 Nf6 7. h3 Bxf3 8.
Bxf3 Qe6+ 9. Be3 Nd5 10. Qe2 g6 11. O-O Bg7 12. dxc5 Nxe3 13. Qxe3 Qxe3 14.
fxe3 Bh6 15. Kf2 O-O-O 16. Bxc6 bxc6 17. Ke2 f5 18. Nd2 Rd5 19. b4 Rhd8 20. Nc4
Rd3 21. Rac1 R8d5 22. Rfd1 Rxd1 23. Rxd1 Bg7 24. Rd3 Kc7 25. Nd2 Re5 26. Nf3
Rd5 27. Rxd5 cxd5 28. Nd4 Bf6 29. a4 e5 30. Nb5+ Kb7 31. c4 dxc4 32. Nd6+ Kc6
33. Nxc4 Kd5 34. Na5 Bd8 35. Nb7 Bc7 36. b5 Kc4 37. e4 f4 38. Kf3 h5 39. b6
axb6 40. cxb6 Bxb6 41. a5 Ba7 42. Nd6+ Kc5 43. Nc8 Bb8 44. a6 g5 45. a7 Bxa7
46. Nxa7 1-0

[Event "7eme open international de La Fere"]
[Site "La Fere (FRA)"]
[Date "2008.07.05"]
[Round "1.21"]
[White "Cozette, Michael"]
[Black "Chetverik, Maxim"]
[Result "0-1"]
[WhiteElo "2026"]
[BlackElo "2321"]
[PlyCount "86"]
[EventDate "2008.??.??"]

1. e4 a6 2. d4 b5 3. f4 Bb7 4. Bd3 e6 5. Nf3 c5 6. c3 Nf6 7. Qe2 Be7 8. O-O Nc6
9. Kh1 cxd4 10. cxd4 Nb4 11. e5 Nxd3 12. Qxd3 Nd5 13. Nc3 Rc8 14. a3 Nxc3 15.
bxc3 Bd5 16. Rf2 Qc7 17. Bb2 Qb7 18. Re1 g6 19. Ng5 O-O 20. Qh3 h5 21. Kg1 Kg7
22. Qd3 Rc4 23. Re3 h4 24. Rh3 Rh8 25. g3 Rcc8 26. gxh4 Rh5 27. Rg3 Rg8 28. Qe2
Rxh4 29. f5 exf5 30. Bc1 Kf8 31. Nf3 Rh5 32. Bg5 Bxa3 33. Qe3 Be7 34. Bf6 Qc6
35. Ng5 Bxf6 36. exf6 Qxf6 37. Qf4 Kg7 38. Re2 Rgh8 39. h3 Rh4 40. Qe5 Qxe5 41.
Rxe5 f4 42. Rg4 Rxg4+ 43. hxg4 Be6 0-1

[Event "7eme open international de La Fere"]
[Site "La Fere (FRA)"]
[Date "2008.07.05"]
[Round "1.22"]
[White "Ringoir, Tanguy"]
[Black "Ilan, Liad"]
[Result "1-0"]
[WhiteElo "2321"]
[BlackElo "2013"]
[PlyCount "61"]
[EventDate "2008.??.??"]

1. e4 e5 2. Nf3 Nc6 3. Bb5 a6 4. Ba4 Nf6 5. O-O Be7 6. Re1 b5 7. Bb3 O-O 8. c3
d5 9. d4 exd4 10. e5 Ne4 11. cxd4 Na5 12. Bc2 f5 13. exf6 Bxf6 14. Nc3 Nxc3 15.
bxc3 Nc4 16. Ne5 Bxe5 17. dxe5 Bf5 18. Bxf5 Rxf5 19. f4 c6 20. a4 b4 21. Qd3
Rf8 22. Rb1 bxc3 23. Qxc3 Qa5 24. Qxa5 Nxa5 25. e6 Nc4 26. g4 Rab8 27. Rxb8
Rxb8 28. f5 Kf8 29. Kf1 Rb1 30. f6 gxf6 31. Bh6+ 1-0

[Event "7eme open international de La Fere"]
[Site "La Fere (FRA)"]
[Date "2008.07.05"]
[Round "1.23"]
[White "Ben Porat, Zeev"]
[Black "Van Kampen, Robin"]
[Result "0-1"]
[WhiteElo "2008"]
[BlackElo "2294"]
[PlyCount "64"]
[EventDate "2008.??.??"]

1. f4 Nf6 2. Nf3 d5 3. e3 c5 4. Be2 Nc6 5. O-O g6 6. d3 Bg7 7. Qe1 O-O 8. Qg3
Qb6 9. Nbd2 c4 10. d4 Qa5 11. c3 Bf5 12. Ne5 Rac8 13. Qh4 b5 14. g4 Bc2 15. Rf3
Nxe5 16. dxe5 Ne4 17. Rh3 h6 18. Nf3 Nxc3 19. Nd4 Nxe2+ 20. Nxe2 e6 21. Nd4 Be4
22. Qf2 c3 23. bxc3 Qxc3 24. Bb2 Qa5 25. f5 Bxe5 26. Rxh6 Rc2 27. Nxc2 Bxb2 28.
Rf1 Bg7 29. f6 Bxh6 30. Qh4 Qd2 31. Qh3 Qxc2 32. Rf2 Qc1+ 0-1

[Event "7eme open international de La Fere"]
[Site "La Fere (FRA)"]
[Date "2008.07.05"]
[Round "1.24"]
[White "Jossien, Remy"]
[Black "Waquet, Frederic"]
[Result "1-0"]
[WhiteElo "2291"]
[BlackElo "2004"]
[PlyCount "115"]
[EventDate "2008.??.??"]

1. d4 Nf6 2. Nc3 d5 3. Bg5 Nbd7 4. e3 g6 5. Nf3 Bg7 6. Bd3 b6 7. Ne5 Bb7 8. Bf4
a6 9. h4 Nxe5 10. dxe5 Ne4 11. h5 Nxc3 12. bxc3 Qd7 13. h6 Bf8 14. O-O Qc6 15.
Qe1 d4 16. f3 Qxc3 17. Qxc3 dxc3 18. e6 Rc8 19. g4 b5 20. Rad1 fxe6 21. Be5 Rg8
22. g5 c5 23. Be2 c4 24. Kf2 Rc5 25. f4 Be4 26. Rc1 b4 27. Bf3 Bd5 28. e4 Bc6
29. Ke3 Kf7 30. Kd4 Ra5 31. Kxc4 Bb5+ 32. Kxb4 Rxa2 33. Rfd1 Bxh6 34. gxh6 Rc8
35. Bxc3 Rc4+ 36. Kb3 Rxc3+ 37. Kxc3 Ra3+ 38. Kd4 Rxf3 39. c4 Bc6 40. Rf1 Rh3
41. Rh1 Rf3 42. Rcf1 Rg3 43. Ra1 e5+ 44. Kxe5 Re3 45. Rhe1 Rh3 46. Rxa6 Bd7 47.
Rc1 Rxh6 48. c5 Rh5+ 49. Kd4 Rh4 50. c6 Bxc6 51. Rcxc6 Rxf4 52. Rc7 h5 53. Raa7
Rg4 54. Rxe7+ Kf6 55. Kd5 h4 56. e5+ Kg5 57. e6 h3 58. Rh7 1-0

[Event "7eme open international de La Fere"]
[Site "La Fere (FRA)"]
[Date "2008.07.05"]
[Round "1.25"]
[White "Godart, Francois"]
[Black "Bensdorp, Marlies"]
[Result "0-1"]
[WhiteElo "1985"]
[BlackElo "2284"]
[PlyCount "116"]
[EventDate "2008.??.??"]

1. d4 d5 2. c4 c6 3. Nc3 e6 4. Nf3 Bd6 5. Bg5 Qa5 6. e3 Nf6 7. Bxf6 gxf6 8. a3
f5 9. c5 Be7 10. Bd3 Nd7 11. O-O O-O 12. b4 Qc7 13. b5 cxb5 14. Bxb5 Bf6 15.
Rc1 Nb8 16. Na2 a6 17. Qa4 Bd7 18. Bxd7 Nxd7 19. c6 b5 20. Qb4 Nb6 21. Qa5 Rfc8
22. Nd2 Be7 23. Nb4 Nc4 24. Nxc4 dxc4 25. Qxc7 Rxc7 26. d5 Bxb4 27. axb4 exd5
28. Rfd1 Rd8 29. Rd4 Rxc6 30. Rcd1 c3 31. Kf1 Kg7 32. Rc1 Kf6 33. Rd3 c2 34.
Rd2 Rdc8 35. Rxd5 Rc4 36. Rd6+ Ke5 37. Rxa6 Rxb4 38. Ke2 Rbc4 39. Ra2 b4 40.
Rb2 f4 41. exf4+ Kxf4 42. f3 R8c6 43. g3+ Kf5 44. h4 Ke5 45. h5 Kd5 46. g4 Ke5
47. Rb3 Kf4 48. Rb2 h6 49. Kf2 R6c5 50. Ke2 Re5+ 51. Kf2 Re3 52. Rcxc2 Rxf3+
53. Kg2 Rg3+ 54. Kh2 Rxc2+ 55. Rxc2 Rxg4 56. Kh3 Kg5 57. Rc5+ f5 58. Rb5 Rc4
0-1

[Event "7eme open international de La Fere"]
[Site "La Fere (FRA)"]
[Date "2008.07.05"]
[Round "1.26"]
[White "Durot, Edwige"]
[Black "Jouneau, Quentin"]
[Result "0-1"]
[WhiteElo "1793"]
[BlackElo "1978"]
[PlyCount "114"]
[EventDate "2008.??.??"]

1. e4 Nf6 2. Nc3 d5 3. exd5 Nxd5 4. Nxd5 Qxd5 5. d4 Nc6 6. c3 Bf5 7. Nf3 e6 8.
Bd3 Bxd3 9. Qxd3 O-O-O 10. Bf4 f6 11. O-O g5 12. Bg3 h5 13. h4 g4 14. Nd2 Bh6
15. Ne4 Rdf8 16. Rae1 f5 17. Ng5 f4 18. Nxe6 Rf6 19. Nxf4 Bxf4 20. Bxf4 Rxf4
21. Qe3 Rhf8 22. g3 Rf3 23. Qe6+ Qxe6 24. Rxe6 R3f6 25. Re3 Kd7 26. Kg2 Rf3 27.
Re2 Re8 28. Rfe1 Rxe2 29. Rxe2 Rf7 30. Re3 Re7 31. Rxe7+ Kxe7 32. f3 gxf3+ 33.
Kxf3 Kf6 34. Kf4 Ne7 35. Ke4 c6 36. Kf4 Nf5 37. b3 a5 38. a3 b5 39. g4 hxg4 40.
Kxg4 a4 41. bxa4 bxa4 42. Kf4 Nd6 43. Ke3 Nc4+ 44. Kd3 Nxa3 45. c4 Kf5 46. Kc3
Kg4 47. Kb4 Nc2+ 48. Kxa4 Nxd4 49. Kb4 Ne6 50. Ka5 Kxh4 51. Kb6 c5 52. Kc6 Kg5
53. Kd6 Kf6 54. Kd5 Kf5 55. Kc6 Ke5 56. Kb6 Kd4 57. Kb5 Nc7+ 0-1

[Event "7eme open international de La Fere"]
[Site "La Fere (FRA)"]
[Date "2008.07.05"]
[Round "1.27"]
[White "Pytel, Bozena"]
[Black "Coquelle, Gilbert"]
[Result "1-0"]
[WhiteElo "1966"]
[BlackElo "1780"]
[PlyCount "105"]
[EventDate "2008.??.??"]

1. Nf3 Nc6 2. d4 d5 3. Bf4 Nf6 4. e3 a6 5. c3 Bg4 6. Nbd2 e6 7. Qc2 Bf5 8. Bd3
Bxd3 9. Qxd3 h6 10. O-O Nh5 11. Be5 Bd6 12. Bxd6 cxd6 13. c4 dxc4 14. Nxc4 b5
15. Ncd2 O-O 16. Rac1 Rc8 17. Qa3 a5 18. Ne4 b4 19. Qa4 Ne7 20. Rxc8 Nxc8 21.
Rc1 f5 22. Ned2 g5 23. Qb5 Ne7 24. Qb7 Rf7 25. Rc7 Rg7 26. Nc4 g4 27. Ne1 f4
28. Rd7 Qf8 29. Nxd6 fxe3 30. fxe3 g3 31. hxg3 Nxg3 32. Qf3 Qxf3 33. Nxf3 Nd5
34. Rd8+ Kh7 35. Nc4 Rc7 36. Nfe5 Ne4 37. Ra8 h5 38. Rxa5 h4 39. Ra6 Ng5 40.
Kh2 Kh6 41. Ra8 Nf6 42. b3 Rh7 43. Ra4 Nd5 44. Nc6 Rf7 45. Kg1 h3 46. gxh3
Nxh3+ 47. Kg2 Ng5 48. Nxb4 Nxb4 49. Rxb4 Ne4 50. a3 Kh5 51. Rb6 Kh4 52. Rxe6
Rg7+ 53. Kf1 1-0

[Event "7eme open international de La Fere"]
[Site "La Fere (FRA)"]
[Date "2008.07.05"]
[Round "1.28"]
[White "Eeckhout, Jean-Louis"]
[Black "Molet, Asher"]
[Result "0-1"]
[WhiteElo "1771"]
[BlackElo "1950"]
[PlyCount "59"]
[EventDate "2008.??.??"]

1. d4 d5 2. c4 e6 3. Nf3 Nf6 4. Bg5 Be7 5. Nc3 Nbd7 6. e3 O-O 7. cxd5 exd5 8.
Bd3 Re8 9. O-O c6 10. Qc2 Nf8 11. h3 Ne4 12. Bxe7 Qxe7 13. a3 Ng6 14. b4 Nh4
15. Bxe4 dxe4 16. Nxh4 Qxh4 17. g3 Qxh3 18. Ne2 g5 19. Qc5 h6 20. f4 exf3 21.
Rxf3 Bg4 22. Rf2 Bxe2 23. Rxe2 Qxg3+ 24. Kf1 Rxe3 25. Rxe3 Qxe3 26. Re1 Qf3+
27. Kg1 Qd5 28. Qc3 Rd8 29. Rd1 Re8 30. Qh3 0-1

[Event "7eme open international de La Fere"]
[Site "La Fere (FRA)"]
[Date "2008.07.05"]
[Round "1.29"]
[White "Ringoir, Guy"]
[Black "Daniel, Antoine"]
[Result "1-0"]
[WhiteElo "1944"]
[BlackElo "1770"]
[PlyCount "84"]
[EventDate "2008.??.??"]

1. e4 Nf6 2. Nc3 d5 3. e5 d4 4. exf6 dxc3 5. fxg7 cxd2+ 6. Bxd2 Bxg7 7. Qf3 Nc6
8. Bb5 Bd7 9. Bc3 e5 10. O-O-O Qe7 11. Ne2 O-O-O 12. Kb1 a6 13. Ba4 Nd4 14.
Bxd7+ Rxd7 15. Qe4 f5 16. Qe3 Nxe2 17. Qxe2 Rxd1+ 18. Rxd1 e4 19. Bxg7 Qxg7 20.
f3 Rg8 21. g3 exf3 22. Qxf3 Rf8 23. Rf1 Qh6 24. Qf2 Kb8 25. a3 Qd6 26. Kc1 Qh6+
27. Qd2 Qxd2+ 28. Kxd2 Kc8 29. Ke3 Re8+ 30. Kf3 c6 31. Rf2 Re4 32. Rd2 Kc7 33.
h3 Re7 34. Rd4 Rf7 35. c4 Rf6 36. Rh4 Rf7 37. Rh6 Kb6 38. b4 Kc7 39. c5 Rg7 40.
Rf6 Kd7 41. Rxf5 Ke6 42. g4 Rd7 1-0